| 000 | 00945cam a22002411 4500 | ||
|---|---|---|---|
| 001 | hew66000158 | ||
| 003 | DLC | ||
| 005 | 20260227111515.0 | ||
| 008 | 740611s1966 dcu bc f001 0 eng c | ||
| 010 | _ahew66000158 | ||
| 035 | _a(OCoLC)912795 | ||
| 040 |
_aU.S. Dept. of Health, Education, and Welfare. Library _cOClW _dOCoLC _dISS _dDLC |
||
| 050 | 0 | 0 |
_aZ5814.C52 _bU5 |
| 082 | _a016.3719/6 | ||
| 086 | 0 | _aFS 5.237:37001 | |
| 110 | 2 | _aEducational Research Information Center (U.S.) | |
| 245 | 1 | 0 | _aCatalog of selected documents on the disadvantaged. |
| 260 |
_a[Washington] _bU.S. Dept. of Health, Education and Welfare, Office of Education, Bureau of Research; _b[for sale by the Superintendent of Documents, U.S. Govt. Print. Off., _c1966] |
||
| 300 |
_a2 v. _c26 cm. |
||
| 500 | _a"OE-37001-[02]" | ||
| 505 | 0 | _a[1] Number and author index.--[2] Subject index. | |
| 650 | 0 |
_aChildren with social disabilities _xEducation _vBibliography. |
|
| 999 |
_c34655 _d34655 |
||